|
|
|
|
| LEADER |
00793cam a2200217 7i4500 |
| 001 |
0000041842 |
| 005 |
20170218090000.0 |
| 020 |
|
|
|a 9780415319157 (pbk.)
|
| 090 |
0 |
0 |
|a NK1510
|b .K64 2006
|
| 100 |
1 |
|
|a Kress, Gunther R
|
| 245 |
1 |
0 |
|a Reading images :
|b the grammar of visual design
|c Gunther Kress and Theo van Leeuwen.
|
| 250 |
|
|
|a 2nd ed.
|
| 260 |
|
|
|a New York:
|b Routledge,
|c 2006.
|
| 300 |
|
|
|a xv, 291 p.:
|b ill.;
|c 25 cm.
|
| 504 |
|
|
|a Includes bibliographical references and index
|
| 650 |
0 |
0 |
|a Communication in design
|
| 700 |
1 |
|
|a Van Leeuwen, Theo
|
| 997 |
|
|
|a Communication, Visual Art & Computing, Faculty
|b Visual Art, Department
|
| 998 |
|
|
|a Digital Graphic Design, Degree
|
| 998 |
|
|
|a Digital Graphic Design, Diploma
|
| 999 |
|
|
|a 0000053331
|b BOK
|c OPEN SHELF
|e 1st Floor, Bestari Jaya
|